[Event "Strmilov 2004"]
[Site "?"]
[Date "2004.05.06"]
[Round "3"]
[White "Pekarovic, Jaroslav"]
[Black "Prochazka, Pavel"]
[Result "1-0"]
[WhiteElo "1888"]
[BlackElo "1643"]
[PlyCount "78"]

1. d4 d5 2. c4 c6 3. Nc3 Nf6 4. c5 Bf5 5. Nf3 g6 6. Nh4 Bd7 7. Bf4 Bg7 8. Be5
O-O 9. a3 e6 10. Bd6 Re8 11. Nf3 Ne4 12. Nxe4 dxe4 13. Ne5 f6 14. Nc4 b5 15.
Nd2 f5 16. e3 e5 17. Qb3+ Be6 18. Qc3 exd4 19. exd4 Nd7 20. O-O-O Bd5 21. h4
Re6 22. Bf4 a5 23. Nb1 Nf6 24. Be2 Re7 25. h5 Ba2 26. h6 Nd5 27. Qg3 Nxf4 28.
Qxf4 Bxd4 29. Qd6 Rd7 30. Qxc6 Rc8 31. Qa6 Rxc5+ 32. Nc3 b4 33. axb4 Rd6 34.
Rxd4 Qg5+ 35. Kc2 Rxc3+ 36. bxc3 Rxa6 37. Bxa6 Qxg2 38. Rhd1 e3 39. Rd7 a4 1-0

[Event "Strmilov 2004"]
[Site "?"]
[Date "2004.05.06"]
[Round "3"]
[White "Ruzicka, Ales"]
[Black "Lauko, Marian"]
[Result "0-1"]
[WhiteElo "1464"]
[BlackElo "1886"]
[PlyCount "97"]

1. e4 d5 2. exd5 Nf6 3. Nc3 Nxd5 4. d4 c6 5. Nf3 Bg4 6. Nxd5 cxd5 7. Be2 e6 8.
Bf4 Nc6 9. c3 Bd6 10. Bxd6 Qxd6 11. O-O O-O 12. Re1 h6 13. Ne5 Nxe5 14. dxe5
Bxe2 15. Qxe2 Qc6 16. Rac1 Rfc8 17. Qd2 b5 18. a3 Qb7 19. Qd4 Rc4 20. Qd3 Rac8
21. b3 R4c5 22. Qd4 Qc7 23. Re3 a6 24. Qb4 a5 25. Qd4 Qb7 26. Rd1 R5c6 27. g3
Qe7 28. a4 Qb7 29. Rdd3 Rb6 30. Kf1 b4 31. cxb4 Rxb4 32. Qa1 Rc2 33. Kg1 g6 34.
Qb1 Qc6 35. Rd1 Rc3 36. Rxc3 Qxc3 37. Qd3 Qxe5 38. Qa6 Qc7 39. Rd3 Kg7 40. Kg2
Qc5 41. Kg1 d4 42. Kg2 Qd5+ 43. Kg1 e5 44. f3 e4 45. fxe4 Qxe4 46. Qxa5 Rb8 47.
Qa6 Qd5 48. b4 Qd7 49. b5 0-1

[Event "Strmilov 2004"]
[Site "?"]
[Date "2004.05.06"]
[Round "3"]
[White "Ruzicka, Vojtech"]
[Black "Bartos, Alois"]
[Result "0-1"]
[WhiteElo "1772"]
[BlackElo "2015"]
[PlyCount "50"]

1. e4 c5 2. c3 d5 3. exd5 Qxd5 4. Nf3 Nf6 5. Be2 Nc6 6. O-O e6 7. Na3 Be7 8.
Nc2 O-O 9. d4 Rd8 10. Be3 cxd4 11. Ncxd4 e5 12. Nxc6 Qxc6 13. Qc2 Qc7 14. Bd3
Rxd3 15. Qxd3 e4 16. Qd1 exf3 17. Qxf3 Bd6 18. h3 Bd7 19. Bg5 Bc6 20. Qd3 Be4
21. Qe2 Re8 22. Bxf6 Bh2+ 23. Kh1 Bxg2+ 24. Kxg2 Rxe2 25. Bd4 Qg3+ 0-1

[Event "Strmilov 2004"]
[Site "?"]
[Date "2004.05.06"]
[Round "3"]
[White "Slajs, Vlastimil"]
[Black "Ruzicka, Tomas"]
[Result "1-0"]
[WhiteElo "1925"]
[BlackElo "1519"]
[PlyCount "99"]

1. d4 d5 2. c4 c6 3. Nf3 Bg4 4. Qb3 Qd7 5. Ne5 dxc4 6. Qxc4 Be6 7. Qb4 Qc8 8.
Bf4 f6 9. Nd3 b6 10. Nd2 Bf5 11. Qc3 Bxd3 12. Qxd3 e6 13. Rc1 Bb4 14. e4 Ne7
15. Be2 O-O 16. O-O Bxd2 17. Qxd2 Rd8 18. Qc3 b5 19. Rfd1 Ng6 20. Be3 Ne7 21.
Qb3 Kh8 22. Bxb5 f5 23. f3 Re8 24. Bc4 Ng6 25. Bf2 f4 26. Bd3 Nd7 27. d5 Rb8
28. Qa3 exd5 29. exd5 Nde5 30. Be4 Rd8 31. dxc6 Rxd1+ 32. Rxd1 Qc7 33. Qc3 Ne7
34. Bd4 Rd8 35. Rc1 N7xc6 36. Bxe5 Qb6+ 37. Kh1 Nxe5 38. Qxe5 Qe3 39. Qc3 Qe2
40. h3 Rd1+ 41. Rxd1 Qxd1+ 42. Kh2 Qd8 43. Qe5 Qf8 44. Qf5 Qg8 45. Qxh7+ Qxh7
46. Bxh7 Kxh7 47. g4 g5 48. h4 gxh4 49. Kh3 Kg6 50. Kxh4 1-0

[Event "Strmilov 2004"]
[Site "?"]
[Date "2004.05.06"]
[Round "3"]
[White "Steinhauser, Dominik"]
[Black "Muzikar, Jan"]
[Result "0-1"]
[WhiteElo "1753"]
[BlackElo "1970"]
[PlyCount "118"]

1. e4 d5 2. exd5 Nf6 3. d4 e6 4. Nf3 exd5 5. Nc3 Bf5 6. Be2 Be7 7. O-O c6 8.
Re1 Nbd7 9. Bd3 Bxd3 10. Qxd3 O-O 11. Bd2 Re8 12. Re2 Nf8 13. Rae1 Ng6 14. Ne5
Bd6 15. f4 Qc7 16. f5 Nxe5 17. dxe5 Bxe5 18. g3 Re7 19. Bf4 Rae8 20. Bxe5 Rxe5
21. Qd4 Rxe2 22. Rxe2 Rxe2 23. Nxe2 Qe7 24. Nc3 Nd7 25. b4 Qe1+ 26. Kg2 Ne5 27.
a4 h5 28. h3 Nc4 29. Qd3 Ne3+ 30. Kf3 Nxf5 31. Kg2 g6 32. b5 h4 33. Ne2 Nxg3
34. Nxg3 hxg3 35. Qxg3 Qe4+ 36. Kf1 Qc4+ 37. Ke1 Qc5 38. Qb8+ Kg7 39. Qxb7 cxb5
40. axb5 d4 41. Qc6 Qe5+ 42. Kd2 Qe3+ 43. Kd1 Qxh3 44. Kd2 Qe3+ 45. Kd1 Qe6 46.
Kd2 Kf6 47. Qf3+ Ke7 48. Qb7+ Qd7 49. Qe4+ Kd8 50. Qa8+ Ke7 51. Qe4+ Kf8 52.
Qa8+ Kg7 53. Qc6 Qe6 54. Qb7 Qb6 55. Qc6 g5 56. Kd3 g4 57. Qd7 g3 58. Qg4+ Qg6+
59. Qxg6+ Kxg6 0-1

[Event "Strmilov 2004"]
[Site "?"]
[Date "2004.05.06"]
[Round "3"]
[White "Sulista, Daniel"]
[Black "Straka, Zdenek"]
[Result "0-1"]
[WhiteElo "1494"]
[BlackElo "1913"]
[PlyCount "100"]

1. c4 Nf6 2. d4 g6 3. Nc3 Bg7 4. g3 c6 5. Bg2 d6 6. Nf3 Nbd7 7. Rb1 a5 8. b3
Qc7 9. Bb2 O-O 10. O-O e5 11. e3 Re8 12. Nd2 Nf8 13. dxe5 dxe5 14. e4 Be6 15.
Qc2 Rad8 16. a3 Qc8 17. Na4 Bh3 18. Nc5 Bxg2 19. Kxg2 b6 20. Na4 Qb7 21. b4
axb4 22. axb4 Bh6 23. Nf3 N6d7 24. Rfe1 f6 25. Rbd1 Ne6 26. Qb3 Kh8 27. h4 Bg7
28. Re2 Ndf8 29. Red2 Rxd2 30. Rxd2 Rd8 31. Qe3 Rxd2 32. Nxd2 Nd7 33. f4 Bh6
34. Nc3 exf4 35. gxf4 Bxf4 36. Qe2 Qc7 37. Nd1 Be5 38. Bxe5 Qxe5 39. Qf2 Nd4
40. Ne3 h5 41. Qg3 Qxg3+ 42. Kxg3 Ne5 43. Ng2 g5 44. Ne1 Kg7 45. hxg5 fxg5 46.
Nef3 Nexf3 47. Nxf3 Nxf3 48. Kxf3 Kf6 49. c5 bxc5 50. bxc5 Ke5 0-1

[Event "Strmilov 2004"]
[Site "?"]
[Date "2004.05.06"]
[Round "3"]
[White "Volf, Miloslav"]
[Black "Steinhauser, Antonin"]
[Result "0-1"]
[WhiteElo "1475"]
[BlackElo "1714"]
[PlyCount "96"]

1. e4 c5 2. Nf3 d6 3. d4 cxd4 4. Nxd4 Nf6 5. Nc3 g6 6. Be2 Bg7 7. Be3 O-O 8.
Qd2 Nc6 9. Nxc6 bxc6 10. Bh6 Rb8 11. Bxg7 Kxg7 12. b3 Qa5 13. O-O Be6 14. Rad1
Rfd8 15. Bf3 Bg4 16. Bxg4 Nxg4 17. f3 Qc5+ 18. Qd4+ Qxd4+ 19. Rxd4 c5 20. Ra4
Ne3 21. Rf2 d5 22. exd5 Nxd5 23. Nxd5 Rxd5 24. Rxa7 e6 25. Re2 Kf6 26. Kf2 Rbd8
27. Rc7 R8d7 28. Rxd7 Rxd7 29. Ke1 Ra7 30. c3 Ke7 31. Rd2 Ra3 32. Kd1 c4 33. b4
Rxc3 34. a4 Rb3 35. b5 Ra3 36. Rd4 Rxa4 37. b6 Rb4 38. b7 Rxb7 39. Rxc4 Rb2 40.
Rc2 Rxc2 41. Kxc2 e5 42. Kd3 f5 43. Ke3 Ke6 44. h3 Kd5 45. f4 e4 46. g3 Kc4 47.
g4 Kc3 48. h4 h5 0-1

[Event "Strmilov 2004"]
[Site "?"]
[Date "2004.05.06"]
[Round "3"]
[White "Vybiral, Zdenek"]
[Black "Klima, Lukas"]
[Result "0-1"]
[WhiteElo "2233"]
[BlackElo "2426"]
[PlyCount "94"]

1. Nf3 Nf6 2. c4 g6 3. Nc3 Bg7 4. d4 d6 5. e4 O-O 6. Be2 Nbd7 7. O-O e5 8. Be3
Re8 9. d5 a5 10. Nd2 Rf8 11. a3 Ne8 12. b4 f5 13. f3 axb4 14. axb4 Rxa1 15.
Qxa1 f4 16. Bf2 Ndf6 17. c5 g5 18. cxd6 cxd6 19. Qa5 Qe7 20. Rc1 g4 21. Nb5 Bd7
22. Bh4 Qf7 23. Qb6 Qh5 24. Be1 g3 25. Nf1 Nxe4 26. Qxb7 gxh2+ 27. Kh1 Bf5 28.
Qb6 Qg5 29. fxe4 f3 30. gxf3 Bh3 31. Qf2 Qxc1 32. Bd2 Qb1 33. Kxh2 Bxf1 34.
Qxf1 Qxf1 35. Bxf1 Rxf3 36. Kg2 Rb3 37. Bc3 Nc7 38. Nxc7 Rxc3 39. Ne8 Bf8 40.
Nf6+ Kf7 41. Nd7 Be7 42. Nb6 Bd8 43. Nc4 Ke7 44. Be2 h5 45. b5 h4 46. b6 h3+
47. Kh2 Rc2 0-1

[Event "Strmilov 2004"]
[Site "?"]
[Date "2004.05.06"]
[Round "4"]
[White "Bartos, Alois"]
[Black "Petkov, Andon"]
[Result "1-0"]
[WhiteElo "2015"]
[BlackElo "1770"]
[PlyCount "108"]

1. e4 d5 2. exd5 Qxd5 3. Nc3 Qa5 4. d4 Nf6 5. Bd2 c6 6. Ne4 Qf5 7. Ng3 Qd5 8.
Bf4 g6 9. c4 Qa5+ 10. Bd2 Qb6 11. Bc3 Bg7 12. Nf3 Bg4 13. Be2 Nbd7 14. h3 Bh5
15. Qd2 Qc7 16. O-O O-O 17. Rfe1 Rad8 18. Rad1 Rfe8 19. Qc1 e6 20. Bd2 Bxf3 21.
Bxf3 c5 22. Be3 cxd4 23. Bxd4 b6 24. b3 e5 25. Be3 Nc5 26. Bd5 Re7 27. b4 Na6
28. Qa3 Nb8 29. Qb3 Red7 30. Bf3 Nc6 31. Bxc6 Qxc6 32. Rxd7 Rxd7 33. c5 e4 34.
b5 Qc7 35. c6 Rd3 36. Qb1 Qd6 37. Bg5 Qd5 38. Be3 Qc4 39. Rc1 Rc3 40. Rxc3 Qxc3
41. Qc1 Nd5 42. Qxc3 Bxc3 43. Nxe4 Be5 44. Bd2 Kf8 45. g3 Ke8 46. Kf1 f5 47.
Ng5 h6 48. Nf3 Bg7 49. Ke2 Ke7 50. Kd3 Kd6 51. Kc4 Nf6 52. Bb4+ Kc7 53. Nd4 Ne8
54. Ne6+ Kc8 1-0

[Event "Strmilov 2004"]
[Site "?"]
[Date "2004.05.06"]
[Round "4"]
[White "Blazek, Jiri"]
[Black "Trepka, Jan"]
[Result "1-0"]
[WhiteElo "2173"]
[BlackElo "1855"]
[PlyCount "65"]

1. d4 Nf6 2. c4 b6 3. Nc3 Bb7 4. f3 d5 5. cxd5 Nxd5 6. e4 Nf6 7. Be3 e6 8. Bc4
Nbd7 9. Nge2 c5 10. O-O cxd4 11. Nxd4 Bc5 12. a3 O-O 13. b4 Ne5 14. Ba2 Bxd4
15. Bxd4 Nc6 16. Be3 Rc8 17. Nb5 Ba6 18. Nd6 Bxf1 19. Nxc8 Qd3 20. Qxd3 Bxd3
21. Nd6 Rd8 22. Nc4 Bc2 23. Kf2 Kf8 24. Rc1 Ba4 25. Nb2 Bb5 26. Bc4 Bxc4 27.
Nxc4 Ke8 28. g4 Ng8 29. b5 Nd4 30. Bxd4 Rxd4 31. Ke3 Rd7 32. Ne5 Rb7 33. Rc8+
1-0

[Event "Strmilov 2004"]
[Site "?"]
[Date "2004.05.06"]
[Round "4"]
[White "Cvek, Robert"]
[Black "Gross, David"]
[Result "1/2-1/2"]
[WhiteElo "2467"]
[BlackElo "2413"]
[PlyCount "20"]

1. e4 e5 2. Nf3 Nc6 3. Nc3 Nf6 4. Bb5 Bb4 5. O-O O-O 6. Bxc6 dxc6 7. d3 Bxc3 8.
bxc3 Re8 9. c4 c5 10. Bb2 Bg4 1/2-1/2

[Event "Strmilov 2004"]
[Site "?"]
[Date "2004.05.06"]
[Round "4"]
[White "Divis, Jan"]
[Black "Janecek, Josef"]
[Result "0-1"]
[WhiteElo "1717"]
[BlackElo "2099"]
[PlyCount "72"]

1. d4 d5 2. Nf3 Nf6 3. e3 Bg4 4. Be2 e6 5. O-O Bd6 6. Nbd2 O-O 7. h3 Bh5 8. Ne5
Bxe2 9. Qxe2 Nfd7 10. f4 f6 11. Nef3 Nc6 12. c4 dxc4 13. Nxc4 Nb6 14. Nxd6 Qxd6
15. Bd2 Rad8 16. Bc3 Qd5 17. b3 Qe4 18. Rad1 Nd5 19. Bd2 a6 20. Qe1 Kh8 21. Rf2
Nce7 22. Re2 Nc6 23. Rc1 e5 24. fxe5 fxe5 25. Nxe5 Nxe5 26. dxe5 Qxe5 27. Bc3
Nxc3 28. Qxc3 Rd1+ 29. Re1 Qxc3 30. Rxc3 Rxe1+ 31. Kh2 Rf7 32. Kg3 Re7 33. Kf2
Ra1 34. a4 h5 35. Rd3 Rf7+ 36. Ke2 Ra2+ 0-1

[Event "Strmilov 2004"]
[Site "?"]
[Date "2004.05.06"]
[Round "4"]
[White "Dolezal, Jiri"]
[Black "Lechtynsky, Jiri"]
[Result "0-1"]
[WhiteElo "2222"]
[BlackElo "2431"]
[PlyCount "88"]

1. d4 Nf6 2. Nf3 e6 3. c4 Bb4+ 4. Nbd2 c5 5. e3 cxd4 6. exd4 d5 7. c5 O-O 8.
Bd3 b6 9. cxb6 axb6 10. O-O Ba6 11. Bxa6 Rxa6 12. Ne5 Bd6 13. Ndf3 Ne4 14. Qe2
Qe8 15. Nd2 Nxd2 16. Bxd2 Ra4 17. Be3 Nc6 18. Nxc6 Qxc6 19. b3 Ra3 20. Rac1 Qd7
21. Rc2 b5 22. f4 g6 23. g3 Rfa8 24. Rf2 R3a5 25. Qd3 Bf8 26. Rfe2 Rc8 27. Bf2
b4 28. Kg2 Rxc2 29. Rxc2 Qb7 30. h3 Qa8 31. Qe2 Bd6 32. Kh2 Ra6 33. Qd2 Rc6 34.
Kg2 h5 35. h4 Rc3 36. Rxc3 bxc3 37. Qxc3 Qxa2 38. Qd3 Bb4 39. Kf3 Qb2 40. Qd1
Bd2 41. Bg1 Kf8 42. Bf2 Ke7 43. Be3 Bxe3 44. Kxe3 Qg2 0-1

[Event "Strmilov 2004"]
[Site "?"]
[Date "2004.05.06"]
[Round "4"]
[White "Hruby, Milan"]
[Black "Rodling, Robert"]
[Result "0-1"]
[WhiteElo "2108"]
[BlackElo "1830"]
[PlyCount "42"]

1. e4 c5 2. Nf3 d6 3. d4 cxd4 4. Nxd4 Nf6 5. Nc3 a6 6. Bc4 b5 7. Bb3 e6 8. Bg5
h6 9. Bxf6 Qxf6 10. O-O Bb7 11. f4 Nc6 12. Nxc6 Bxc6 13. f5 Qe5 14. fxe6 fxe6
15. Qg4 b4 16. Nd5 O-O-O 17. c3 bxc3 18. Nxc3 Bd7 19. Rf7 d5 20. Rc1 Kb8 21.
exd5 Qe3+ 0-1

[Event "Strmilov 2004"]
[Site "?"]
[Date "2004.05.06"]
[Round "4"]
[White "Karlicek, Pavel"]
[Black "Horak, Karel"]
[Result "1-0"]
[WhiteElo "1953"]
[BlackElo "1709"]
[PlyCount "72"]

1. e4 c6 2. d4 d5 3. f3 e6 4. e5 c5 5. c3 Qb6 6. f4 Nc6 7. Nf3 Bd7 8. Be2 cxd4
9. cxd4 Nge7 10. Nc3 Ng6 11. O-O a6 12. Kh1 Be7 13. f5 Nh4 14. f6 Nxf3 15. fxg7
Rg8 16. Bxf3 Rxg7 17. Bh6 Rg6 18. Be3 Nxe5 19. Bh5 Nc4 20. Bc1 Rf6 21. Rxf6
Bxf6 22. Qg4 O-O-O 23. Ne2 Nd6 24. b3 Ne4 25. Be3 h6 26. Qf4 Bg5 27. Rc1+ Bc6
28. Qf3 f5 29. Bf7 Kd7 30. Nf4 Bxf4 31. Qxf4 Ng5 32. Bh5 Qc7 33. Qf2 Qd6 34.
Bf4 Qf8 35. Qe1 Ne4 36. b4 Bb5 1-0

[Event "Strmilov 2004"]
[Site "?"]
[Date "2004.05.06"]
[Round "4"]
[White "Lauko, Marian"]
[Black "Vybiral, Zdenek"]
[Result "0-1"]
[WhiteElo "1886"]
[BlackElo "2233"]
[PlyCount "114"]

1. d4 e6 2. e3 f5 3. Nf3 Nf6 4. c4 d5 5. Be2 c6 6. Nc3 Bd6 7. cxd5 exd5 8. Bd3
O-O 9. O-O Ne4 10. Ne5 Nd7 11. f4 Ndf6 12. Qc2 Qe8 13. Be2 Be6 14. a3 a5 15.
Nxe4 Nxe4 16. Bf3 Qe7 17. Bxe4 fxe4 18. Bd2 Bd7 19. Rac1 a4 20. Bc3 Be8 21. Qd2
Ra6 22. Rc2 Kh8 23. Qc1 Rb6 24. Bd2 Rb3 25. Rc3 Rb5 26. Qc2 c5 27. Bc1 c4 28.
Qe2 Rb6 29. Rc2 c3 30. Rxc3 Bb5 31. Qh5 Bxe5 32. Qxe5 Qxe5 33. dxe5 Bxf1 34.
Kxf1 Rc6 35. Bd2 Rfc8 36. Ke2 Kg8 37. g4 g6 38. h4 Kf7 39. Kf2 Ke6 40. Kg3 h5
41. Kh3 Rd8 42. Rxc6+ bxc6 43. Kg3 c5 44. Ba5 Rd7 45. gxh5 gxh5 46. Bb6 d4 47.
Kf2 d3 48. Ke1 Rb7 49. Bxc5 Rxb2 50. Kd1 Rh2 51. Ke1 Kd5 52. Be7 Re2+ 53. Kd1
Rxe3 54. Kd2 Re2+ 55. Kd1 Rf2 56. Ke1 e3 57. Bb4 Rxf4 0-1

[Event "Strmilov 2004"]
[Site "?"]
[Date "2004.05.06"]
[Round "4"]
[White "Malirsky, Josef"]
[Black "Hornak, Ivan"]
[Result "1-0"]
[WhiteElo "1477"]
[BlackElo "1623"]
[PlyCount "75"]

1. e4 e5 2. Bc4 Nc6 3. Nc3 Bc5 4. Qg4 g6 5. Qf3 Nf6 6. h3 Bb4 7. Nge2 d6 8. Nd5
Nxd5 9. Bxd5 O-O 10. c3 Bc5 11. d3 Be6 12. Bh6 Re8 13. h4 Bxd5 14. exd5 Ne7 15.
g4 Nc8 16. O-O-O Re7 17. Bg5 f6 18. Qxf6 Qe8 19. d4 exd4 20. Nxd4 Rf7 21. Qe6
Nb6 22. f4 Qf8 23. Rhe1 Kg7 24. Nf5+ Kh8 25. Bh6 Qg8 26. Ng3 Bf2 27. Nf1 Bxe1
28. Rxe1 Nd7 29. g5 Nc5 30. Qe3 Rxf4 31. Ng3 Qf7 32. b4 Rf3 33. Qd4+ Kg8 34.
bxc5 Rxg3 35. Kb2 Rf3 36. Re6 Rd8 37. Qe4 Rd7 38. Re8+ 1-0

[Event "Strmilov 2004"]
[Site "?"]
[Date "2004.05.06"]
[Round "4"]
[White "Muzikar, Jan"]
[Black "Pahorecky st., Jiri"]
[Result "1/2-1/2"]
[WhiteElo "1970"]
[BlackElo "1752"]
[PlyCount "66"]

1. e4 e5 2. Nf3 Nc6 3. Bb5 a6 4. Ba4 Nf6 5. O-O b5 6. Bb3 Be7 7. Re1 O-O 8. a4
Bb7 9. d3 d6 10. Nbd2 Nd7 11. axb5 axb5 12. Rxa8 Qxa8 13. c3 Nc5 14. Bc2 Ne6
15. Nf1 b4 16. Ng3 bxc3 17. bxc3 Qa1 18. Qd2 Rb8 19. Nf5 Bc8 20. d4 exd4 21.
cxd4 Nf8 22. Nxe7+ Nxe7 23. e5 Be6 24. Re3 Qa2 25. Ra3 Qc4 26. Bd3 Qb4 27. Qxb4
Rxb4 28. Bd2 Rb3 29. Rxb3 Bxb3 30. exd6 cxd6 31. Bb4 Nc6 32. Bxd6 Ne6 33. Bc5
Bd5 1/2-1/2

[Event "Strmilov 2004"]
[Site "?"]
[Date "2004.05.06"]
[Round "4"]
[White "Nemecky, Jan"]
[Black "Odehnalova, Andrea"]
[Result "1-0"]
[WhiteElo "1489"]
[BlackElo "1553"]
[PlyCount "105"]

1. e4 e5 2. Bc4 Nc6 3. d3 Bc5 4. Nf3 Nf6 5. O-O d6 6. Nc3 Bg4 7. Be3 Nd4 8.
Bxd4 Bxd4 9. h3 Bh5 10. g4 Nxg4 11. hxg4 Bxg4 12. Kg2 Qf6 13. Nd5 Qd8 14. Rg1
c6 15. Nc3 Qf6 16. Qe2 h5 17. Rh1 h4 18. Rh3 Bxh3+ 19. Kxh3 g5 20. Nh2 O-O-O
21. Ng4 Qe7 22. Qf3 Rdf8 23. Qf5+ Kb8 24. a4 a5 25. Rb1 f6 26. Ne2 Bb6 27. c3
Bd8 28. b4 Qc7 29. b5 b6 30. bxc6 Qxc6 31. Rb5 Qc7 32. Bb3 Qc8 33. Qxc8+ Kxc8
34. Be6+ Kc7 35. Bf5 Be7 36. c4 Rd8 37. Nc3 Kc6 38. Nd5 Bf8 39. Rxb6+ Kc5 40.
Rb5+ Kd4 41. Nc7 Be7 42. Ne6+ Kxd3 43. Nxd8 Rxd8 44. Rb7 Bf8 45. Ne3 Ra8 46.
Rb5 Be7 47. Nd5 Bd8 48. Ne3 Ra6 49. c5 dxc5 50. Rxc5 Be7 51. Rd5+ Ke2 52. Kg2
Rd6 53. Bg4+ 1-0

[Event "Strmilov 2004"]
[Site "?"]
[Date "2004.05.06"]
[Round "4"]
[White "Novak, Rudolf"]
[Black "Pekarovic, Jaroslav"]
[Result "0-1"]
[WhiteElo "1557"]
[BlackElo "1888"]
[PlyCount "66"]

1. e4 e5 2. Nf3 Nc6 3. Bb5 Bc5 4. c3 Nge7 5. O-O a6 6. Ba4 Ng6 7. d4 exd4 8.
cxd4 Be7 9. Nc3 O-O 10. Nd5 d6 11. Nxe7+ Ncxe7 12. h3 b5 13. Bb3 Bb7 14. Bg5 h6
15. Bxe7 Qxe7 16. Re1 c5 17. dxc5 dxc5 18. Bd5 Rad8 19. Qc2 Bxd5 20. exd5 Qd6
21. Rad1 Rfe8 22. Rxe8+ Rxe8 23. Qf5 c4 24. g3 Rd8 25. g4 Nf4 26. g5 g6 27. Qg4
h5 28. Qh4 Nd3 29. Nd4 Qxd5 30. Nc2 Qf3 31. Rd2 Re8 32. Qd4 Ne1 33. Ne3 Qxh3
0-1

[Event "Strmilov 2004"]
[Site "?"]
[Date "2004.05.07"]
[Round "4"]
[White "Piza, Vlastimil"]
[Black "Bartos, Alois"]
[Result "1-0"]
[WhiteElo "2278"]
[BlackElo "2015"]
[PlyCount "45"]

1. e4 c5 2. Nf3 e6 3. d4 cxd4 4. Nxd4 a6 5. Bd3 Nc6 6. Nxc6 dxc6 7. O-O e5 8.
Be3 Nf6 9. h3 Bd6 10. a4 O-O 11. Nd2 Be6 12. Qf3 Nd7 13. Rfd1 Qe7 14. Bc4 Bc5
15. Bxe6 Qxe6 16. Nf1 Rfd8 17. Rxd7 Rxd7 18. Bxc5 Qc4 19. Qg4 Rdd8 20. Be7 Re8
21. Bf6 g6 22. Ne3 Qe6 23. Qh4 1-0

[Event "Strmilov 2004"]
[Site "?"]
[Date "2004.05.06"]
[Round "4"]
[White "Prochazka, Pavel"]
[Black "Ducho, Pavel"]
[Result "1-0"]
[WhiteElo "1643"]
[BlackElo "1471"]
[PlyCount "111"]

1. e4 e5 2. Nf3 Nc6 3. d4 exd4 4. Bc4 Be7 5. c3 d3 6. Qb3 Nf6 7. Bxf7+ Kf8 8.
Bd5 Qe8 9. Bf4 d6 10. Nbd2 Nxd5 11. Qxd5 Qf7 12. Bg3 Qxd5 13. exd5 Nd8 14. Rf1
Nf7 15. Nd4 h5 16. h3 h4 17. Bh2 Rh6 18. f4 Bd7 19. O-O-O Re8 20. N2b3 c6 21.
dxc6 bxc6 22. c4 c5 23. Nf3 Kg8 24. Rxd3 Bf5 25. Re3 Re6 26. Rxe6 Bxe6 27. Nbd2
Nh6 28. Ng5 Bf5 29. Re1 Kf8 30. Ndf3 Nf7 31. Kd2 Bc8 32. Bg1 Nxg5 33. Nxg5 Rd8
34. Ne6+ Bxe6 35. Rxe6 d5 36. cxd5 Rxd5+ 37. Ke2 Kf7 38. Re3 Bf6 39. b3 Bd4 40.
Rd3 Ke6 41. Be3 Kf5 42. Kf3 Rd7 43. Bf2 g5 44. fxg5 Rf7 45. Bxh4 Ke5+ 46. Kg4
Ke4 47. Rd1 Rf8 48. Bg3 Rg8 49. h4 Rh8 50. h5 Rg8 51. Bd6 Rd8 52. Be7 Rg8 53.
g6 Rg7 54. Rc1 Rxe7 55. Re1+ Be3 56. h6 1-0

[Event "Strmilov 2004"]
[Site "?"]
[Date "2004.05.07"]
[Round "4"]
[White "Ruzicka, Ales"]
[Black "Pahorecky ml., Jiri"]
[Result "1-0"]
[WhiteElo "1464"]
[BlackElo "1946"]
[PlyCount "51"]

1. e4 c5 2. Nf3 d6 3. d4 cxd4 4. Nxd4 Nf6 5. Nc3 g6 6. Be3 Bg7 7. Be2 O-O 8.
Qd2 Nc6 9. O-O-O Bd7 10. f3 Rc8 11. g4 Ne5 12. h4 Nc4 13. Bxc4 Rxc4 14. h5 Qa5
15. Nb3 Qc7 16. e5 Ne8 17. Nd5 Qd8 18. Na5 Rc7 19. Bxa7 e6 20. Nxc7 Qxc7 21.
exd6 Nxd6 22. Bd4 e5 23. Bc3 Nc4 24. Qxd7 Bh6+ 25. Kb1 Qb6 26. Nxc4 1-0

[Event "Strmilov 2004"]
[Site "?"]
[Date "2004.05.06"]
[Round "4"]
[White "Ruzicka, Tomas"]
[Black "Havluj, Zdenek"]
[Result "0-1"]
[WhiteElo "1519"]
[BlackElo "1958"]
[PlyCount "102"]

1. e4 d6 2. d4 Nf6 3. Nc3 g6 4. Bd3 Bg7 5. Nge2 O-O 6. O-O Nc6 7. a3 e5 8. d5
Ne7 9. Bg5 h6 10. Bh4 g5 11. Bg3 Nh5 12. h3 Nf4 13. Qd2 Neg6 14. Kh2 Nxd3 15.
cxd3 f5 16. exf5 Bxf5 17. Ne4 c6 18. N2c3 Nf4 19. Bxf4 exf4 20. f3 c5 21. Nb5
Be5 22. Rae1 a6 23. d4 cxd4 24. Nxd4 Bxe4 25. Rxe4 Qf6 26. Ne6 Rfc8 27. Qb4 b5
28. Re2 Rc4 29. Qd2 Rac8 30. Qa5 h5 31. Qxa6 g4 32. Qb7 Rc1 33. Ree1 R1c2 34.
Qxb5 Qh4 35. Re2 Rc1 36. Qe8+ Rxe8 37. Rxc1 Qg3+ 38. Kh1 gxh3 39. gxh3 Qxh3+
40. Kg1 Rxe6 41. Rg2+ Kf7 42. dxe6+ Kxe6 43. Re1 Kf5 44. Rd1 Qxf3 45. Rdd2 Qe3+
46. Kf1 f3 47. Rgf2 Bg3 48. Rde2 Bxf2 49. Rxe3 Bxe3 50. b4 h4 51. b5 h3 0-1

[Event "Strmilov 2004"]
[Site "?"]
[Date "2004.05.06"]
[Round "4"]
[White "Snorek, Milan"]
[Black "Piza, Vlastimil"]
[Result "0-1"]
[WhiteElo "2164"]
[BlackElo "2278"]
[PlyCount "64"]

1. e4 c5 2. Nf3 d6 3. d4 cxd4 4. Nxd4 Nf6 5. Nc3 a6 6. Be2 e5 7. Nb3 Be7 8. Be3
Be6 9. O-O Nbd7 10. Qd2 O-O 11. a4 Qc7 12. a5 Rfc8 13. Rfd1 Bf8 14. h3 Qc6 15.
f3 Nh5 16. g4 Nf4 17. Bxf4 exf4 18. Qxf4 Ne5 19. Kg2 b5 20. Nd4 Qc5 21. Rd2 Ng6
22. Qg3 Be7 23. Nxe6 fxe6 24. f4 Bh4 25. Qf3 Bg5 26. Kh1 Bxf4 27. Rdd1 Rf8 28.
Bf1 Bc1 29. Qxf8+ Rxf8 30. Raxc1 Rf2 31. Bg2 Nh4 32. Rg1 Qe5 0-1

[Event "Strmilov 2004"]
[Site "?"]
[Date "2004.05.06"]
[Round "4"]
[White "Spal, Milan"]
[Black "Havlik, Jan"]
[Result "1-0"]
[WhiteElo "2233"]
[BlackElo "2121"]
[PlyCount "51"]

1. e4 c5 2. Nc3 Nc6 3. Bb5 g6 4. Bxc6 bxc6 5. d3 Bg7 6. f4 e6 7. e5 d6 8. Nf3
Ne7 9. O-O d5 10. b3 Ba6 11. Na4 c4 12. Be3 cxd3 13. cxd3 O-O 14. Nc5 Bc8 15.
Rc1 Bd7 16. Bf2 h5 17. h3 Nf5 18. g4 hxg4 19. hxg4 Nh6 20. Nd4 Be8 21. g5 Nf5
22. Nxf5 exf5 23. Bd4 Bd7 24. Rf2 Re8 25. Qf1 Be6 26. Qh3 1-0

[Event "Strmilov 2004"]
[Site "?"]
[Date "2004.05.06"]
[Round "4"]
[White "Steinhauser, Antonin"]
[Black "Hejl, Jaroslav"]
[Result "1-0"]
[WhiteElo "1714"]
[BlackElo "1872"]
[PlyCount "53"]

1. e4 c5 2. Nf3 e6 3. d4 cxd4 4. Nxd4 a6 5. Nc3 Nc6 6. Nxc6 bxc6 7. Be2 d5 8.
O-O Bd6 9. exd5 cxd5 10. Re1 Ne7 11. Bd3 e5 12. Nxd5 Nxd5 13. Be4 Nc7 14. Bc6+
Ke7 15. Bxa8 Nxa8 16. Kh1 Bc7 17. Qh5 f6 18. f4 Bb7 19. fxe5 Bxe5 20. Rxe5+ Kf8
21. Re1 Nc7 22. b3 g6 23. Ba3+ Kf7 24. Qc5 Ne6 25. Rxe6 Kxe6 26. Re1+ Kf7 27.
Qe7+ 1-0

[Event "Strmilov 2004"]
[Site "?"]
[Date "2004.05.06"]
[Round "4"]
[White "Straka, Zdenek"]
[Black "Cifka, Stanislav"]
[Result "0-1"]
[WhiteElo "1913"]
[BlackElo "2306"]
[PlyCount "88"]

1. e4 e6 2. d4 d5 3. Nd2 Be7 4. Ngf3 Nf6 5. Bd3 c5 6. e5 Nfd7 7. c3 Nc6 8. Qe2
Qb6 9. h4 cxd4 10. cxd4 Nxd4 11. Nxd4 Qxd4 12. Nf3 Qg4 13. Rh3 Nc5 14. Bb1 Bd7
15. Bd2 Ne4 16. Bxe4 dxe4 17. Ng1 Qxe2+ 18. Nxe2 f5 19. Rc1 Bc6 20. h5 Kf7 21.
Nd4 Rac8 22. Nxc6 bxc6 23. Rhc3 c5 24. b4 Rhd8 25. Be3 Rd5 26. Bxc5 Bxc5 27.
Rxc5 Rdxc5 28. bxc5 Rc6 29. Kd2 Ke7 30. Rc2 g5 31. hxg6 hxg6 32. Ke3 g5 33. Kd4
Kd7 34. Kc4 Ra6 35. Kb5 Ra3 36. Kc4 Kc6 37. Rb2 Ra4+ 38. Kb3 Ra5 39. Rd2 Rb5+
40. Ka3 Kxc5 41. Rd7 f4 42. Rxa7 e3 43. fxe3 fxe3 44. Rc7+ Kd4 0-1

[Event "Strmilov 2004"]
[Site "?"]
[Date "2004.05.06"]
[Round "4"]
[White "Sulista, Daniel"]
[Black "Kellner, Petr"]
[Result "0-1"]
[WhiteElo "1494"]
[BlackElo "1972"]
[PlyCount "122"]

1. c4 d5 2. cxd5 Qxd5 3. Nc3 Qd8 4. g3 c6 5. Bg2 Bf5 6. e4 Bg6 7. Nge2 e6 8.
O-O Nd7 9. d4 Ngf6 10. Nf4 Be7 11. Nxg6 hxg6 12. Be3 Nb6 13. Qe2 Nfd7 14. Rfb1
Bg5 15. b4 Bxe3 16. fxe3 Qg5 17. e5 f6 18. Ne4 Qh6 19. h3 O-O 20. exf6 gxf6 21.
Nd6 Nd5 22. Rb3 Rab8 23. Re1 f5 24. e4 Nc7 25. exf5 gxf5 26. Kh2 Nf6 27. Nc4
Rf7 28. Rf1 Rg7 29. Kg1 Rd8 30. Qd3 Nb5 31. Rf4 Nh5 32. Rh4 Qc1+ 33. Qf1 Nxg3
34. Qxc1 Ne2+ 35. Kh2 Nxc1 36. Rb2 Nxd4 37. a4 Nd3 38. Rd2 Nb3 39. Rd1 Rxg2+
40. Kxg2 Nf4+ 41. Rxf4 Rxd1 42. Rf3 Nd2 43. Rg3+ Kf8 44. Ne5 Ne4 45. Rg6 Ke7
46. Rh6 Rd2+ 47. Kg1 Nf6 48. Ng6+ Kd6 49. Nf8 Ke7 50. Ng6+ Kd6 51. Nf8 Ke5 52.
Ng6+ Ke4 53. Nf8 Nd5 54. Rxe6+ Kf3 55. Ng6 Kg3 56. Re1 f4 57. Ne5 f3 58. Nxf3
Kxf3 59. Rf1+ Kg3 60. Re1 Kxh3 61. b5 Ra2 0-1